Скрижалі туги (Запис № 458012)

МАРК-запис
000 -Лідер
fixed length control field 00749 a2200229 4500
003 - Ідентифікатор контрольного номера
control field UA-OsUOA
005 - Дата та час останнього входження (трансакції)
control field 20200206161801.0
008 - Елементи даних фіксованої довжини – загальна інформація
fixed length control field 200206b un ||||| |||| 00| 0 ukr d
040 ## - Джерело каталогізації
Агенція оригінальної каталогізації UA-OsUOA
Мова каталогізації ukr
Агенція, яка здійснювала перезапис UA-OsUOA
Агенція, яка здійснювала модифікацію UA-OsUOA
041 ## - Код мови
Код мови тексту/ звукової доріжки чи окремого заголовка (П) ukr
080 ## - Індекс Універсальної десяткової класифікації
Індекс Універсальної десяткової класифікації (УДК) (НП) 82-1
090 ## - Локальний шифр розміщення
Класифікаційний індекс УДК 82-1
Авторський знак (НП) М91
100 ## - Основне введення – ім’я особи
Ім’я особи (НП) Мур Д.
245 ## - Відомості про назву
Назва (НП) Скрижалі туги
Дані про відповідальність (НП) Д. Мур
260 ## - Публікація, розповсюдження і т.п. (Вихідні дані)
Місце публікації, розповсюдження і т.п. (П) Едмонтон
Ім’я/ наймення видавництва, розповсюджувача і т.п. (П) Коштом Василя й Наталки Духніїв
Дата публікації, розповсюдження і т.п. (П) 1973
300 ## - Фізичний опис
Обсяг 120 с.
650 ## - Додаткове предметне введення – тематичний термін
Джерело заголовка чи терміна UDC
Тематичний термін чи географічна назва, як елемент введення (НП) 82-1 Поезія. Поеми. Вірші
700 1# - Додаткове введення – ім'я особи
Ім’я особи (НП) Мур Д.
942 ## - Додаткові елементи входу (Коха)
Тип елемента Koha Книги
Source of classification or shelving scheme Universal Decimal Classification
955 ## - Код типу видання за змістом
Код типу видання за змістом (НП) Літературно-художні видання
Фонди
Стан вилучень Стан втрат Джерело класифікації або схеми стелажів Стан уражень Не для кредиту Код колекції Постійне місце розташування Поточне розміщення Дата придбання Джерело придбання Вартість, звичайна ціна покупки Інвентарний номер Усього замовленно Повний номер виклику Штрих-код Дата останнього перегляду Ціна ефективна від Тип елемента Koha Примітка, призначена для загального доступу
Withdrawn   Universal Decimal Classification     Колекція бібліотеки інституту Св. Івана АБ - Абонемент НБ АБ - Абонемент НБ 06/06/2012 48/2012 3.00 138871   821.161.2 М91 138871 13/07/2019 06/06/2012 Книги  
    Universal Decimal Classification       Наукова бібліотека ІДУД Наукова бібліотека ІДУД 10/05/2012 275/2012 1.00 2133156   82-1 М91 2133156 14/09/2019 10/05/2012 Книги  
    Universal Decimal Classification       Наукова бібліотека ІДУД Наукова бібліотека ІДУД 06/02/2020 Акт надходження № 2/2020 (від О. Іванусіва) 1.00 2139849   82-1 М91 2139849 06/02/2020 06/02/2020 Книги Дарувальник Іванусів О.